000
00304nam a22001337a 4500
008
210304b ||||| |||| 00| 0 eng d
020
_a
9780471741534
041
_a
eng
080
_2
12th
_a
541
100
_a
12
101
_a
KIM
245
_a
Foubdations of College Chemistry
_c
Hein,M
942
_2
udc
_c
BK
999
_c
55769
_d
55769